Normal view
MARC view
- Austin
Entry Personal Name
001 - CONTROL NUMBER
- control field: 36516
003 - CONTROL NUMBER IDENTIFIER
- control field: NUST
005 - DATE AND TIME OF LATEST TRANSACTION
- control field: 20210314130032.0
008 - FIXED-LENGTH DATA ELEMENTS
- fixed length control field: 210314|| aca||aabn | a|a d
040 ## - CATALOGING SOURCE
- Original cataloging agency: NUST
- Transcribing agency: NUST
100 ## - HEADING--PERSONAL NAME
- Personal name: Austin
670 ## - SOURCE DATA FOUND
- Source citation: Work cat.: (NUST): Austin, Motorola MC6801 8-Bit Single Chip Microcomputer Reference Manual, 1983
